1905 1409 1397 1906 1124 1571 1588 1526 1610 1003 1451 1680 1796 1023 1389 1235 1376 1809 1966 1314 1502 1792 1650 1095 1915 1733 1448 1265 1968 1389 1952 1650 1269 1100 1173 1326 1300 1767 1435 1210 1961 1716 1356 1653 1270 1681 1668 1549 1790 1172 1064 1639 1616 1314 1266 1401 1468 1636 1097 1149 1332 1589 1161 1937 1788 1914 1607 1216 1958 1275 1055 1451 1793 1349 1376 1257 1329 1708 1984 1441 1753 1623 1907 1584 1370 1087 1535 1950 1626 1218 1797 1710 1321 1616 1061 1076 1411 1174 1539 BCNSPRNW ULIB Ver.6.0+V

เปลี่ยนเป็นภาษาไทย

Change to English
 แสดงรายละเอียดบรรณานุกรม
  กลับหน้าหลัก

Brief Record : Get Marc (ISO 2709) : E-mail record : QR code < ปิดหน้าต่าง
LEADER : 00000nam 2200000uu 4500
001    13399111805
003     ULIB
008    110627s2551||||th 000 0 tha d
020    9789741002306
090    นว.^bต113จ 2551
100 0  แสตมป์เบอรี่
245 00 Ze-Guys แก๊งหล่อวายร้ายกับยัยจำเลยน่ารัก/^cแสตมป์เบอรี่
250    พิมพ์ครั้งที่ 1
260    กรุงเทพฯ :^bแจ่มใส,^c2551
300    213 หน้า
945    ^p159^l0^i024473
995    ทศพร
999 ^a ใช้งานได้ทุกระบบ
รายการนี้ยังไม่มีแท็ก
คุณยังไม่ได้ล็อกอิน คุณสามารถมีกิจกรรมร่วมกับเว็บไซต์ได้ แต่ต้องล็อกอินก่อน ::
  ล็อกอิน

รายการสื่อสารสนเทศ

ลำดับที่ ประเภท เลขเรียก/บาร์โค้ด สถานที่ สถานะ
- ไม่พบข้อมูล -

รายการใกล้เคียง
    ผู้แต่ง [แสตมป์เบอรี่]

BibComment


ยังไม่เคยถูกคอมเมนท์

คอมเมนท์ทรัพยากรรายการนี้
  คอมเมนท์: ZeGuys แก๊งหล่อวา..


 Copyright 2026. Bcnsprnw @Library